000 01022nam a22003137a 4500
003 CHAP
005 20220817042310.0
008 971013s1955 r 00010 d
010 _a40090
011 _a41062
035 _a45188
040 _cCHAP
082 _a691.1
_bE8
110 _aE.U.A. Forest Service
_934933
245 _aWood handbook ; basic information on wood as a material of construction...
260 _aWashington :
_bThe Forest Service,
_c1955
300 _a528 p.
_b: ilus.
490 _aUSDA. Agriculture handbook
_v; 72
590 _aBATCH-UPD
_b10
_c20130110
_lUCH01
_h1232
590 _aBATCH-UPD
_b10
_c20130410
_lUCH01
_h0801
590 _aBATCH-UPD
_b10
_c20130914
_lUCH01
_h1036
590 _aCONVERSION
_b10
_c20130109
_lUCH01
_h1322
650 1 4 _aConstrucción
_xMateriales de.
_927387
650 1 4 _aMadera
_xPropiedades y usos.
_969621
830 0 _aUSDA Agriculture handbook
_v; 72
901 _aBK
942 _cLIBRO
949 _a691.1 E8
_bBC
_cLIBRO
_d33724000147047
_eLIBRO
_h25554
_i45188
_si
999 _c40090
_d40090